| 000 | 00738cam a2200217 4500 | ||
|---|---|---|---|
| 001 | WB3721-01 | ||
| 008 | 000000n2001 000 0 eng u | ||
| 035 | _a(Sirsi) u112893 | ||
| 245 | _aFormula to decide if hedge is too high | ||
| 260 | _c2001 | ||
| 490 |
_aIndependent _v 31 May 2001, 3(1) |
||
| 520 | _aThe BRE has devised a formula to calculate when shrubbery or a hedge is too high. The formula has been created on the order of ministers seeking a solution to a problem that leaves MPs with many complaints from constituents. | ||
| 590 | _aWB | ||
| 650 | _aHEDGES | ||
| 650 | _aBRE | ||
| 650 | _aLIGHT LOSS | ||
| 650 | _aRIGHT TO LIGHT | ||
| 650 | _aLEYLANDII HEDGES | ||
| 690 |
_aBoundary disputes _96221 |
||
| 942 | _n0 | ||
| 999 |
_c67206 _d67206 |
||